Religion and custom in a Muslim society : (Record no. 3897)
[ view plain ]
| 000 -LEADER | |
|---|---|
| fixed length control field | 01090nac a22002411u 4500 |
| 010 ## - LIBRARY OF CONGRESS CONTROL NUMBER | |
| LC control number | 90020417 |
| 020 ## - INTERNATIONAL STANDARD BOOK NUMBER | |
| International Standard Book Number | 0521394856 |
| 082 00 - DEWEY DECIMAL CLASSIFICATION NUMBER | |
| Classification number | 305.89650624 |
| Item number | H761 |
| 090 ## - LOCALLY ASSIGNED LC-TYPE CALL NUMBER (OCLC); LOCAL CALL NUMBER (OCLC) | |
| -- | 3897 |
| -- | 3897 |
| 100 ## - MAIN ENTRY--PERSONAL NAME | |
| Personal name | HolyÌ?, Ladislav. |
| 245 10 - TITLE STATEMENT | |
| Title | Religion and custom in a Muslim society : |
| Remainder of title | the Berti of Sudan / |
| Statement of responsibility, etc | Ladislav Holy. |
| 260 ## - PUBLICATION, DISTRIBUTION, ETC. (IMPRINT) | |
| Place of publication, distribution, etc | Cambridge [England] ; |
| -- | New York : |
| Name of publisher, distributor, etc | Cambridge University Press,1991 |
| Date of publication, distribution, etc | 1991. |
| 300 ## - PHYSICAL DESCRIPTION | |
| Extent | x, 243 p. : |
| Other physical details | ill., map ; |
| Dimensions | 24 cm. |
| 440 #0 - | |
| -- | Cambridge studies in social and cultural anthropology ; |
| -- | 78 |
| 504 ## - BIBLIOGRAPHY, ETC. NOTE | |
| Bibliography, etc | Includes bibliographical references (p. [226]-233) and index. |
| 650 #0 - SUBJECT ADDED ENTRY--TOPICAL TERM | |
| Topical term or geographic name as entry element | Berti (African people) |
| 650 #0 - SUBJECT ADDED ENTRY--TOPICAL TERM | |
| Topical term or geographic name as entry element | Muslims |
| Geographic subdivision | Sudan. |
| 651 #0 - SUBJECT ADDED ENTRY--GEOGRAPHIC NAME | |
| Geographic name | Sudan |
| General subdivision | Social life and customs. |
| 856 42 - ELECTRONIC LOCATION AND ACCESS | |
| Materials specified | Publisher description |
| Uniform Resource Identifier | <a href="http://www.loc.gov/catdir/description/cam024/90020417.html">http://www.loc.gov/catdir/description/cam024/90020417.html</a> |
| 856 42 - ELECTRONIC LOCATION AND ACCESS | |
| Materials specified | Table of contents |
| Uniform Resource Identifier | <a href="http://www.loc.gov/catdir/toc/cam028/90020417.html">http://www.loc.gov/catdir/toc/cam028/90020417.html</a> |
| 942 ## - ADDED ENTRY ELEMENTS (KOHA) | |
| Item type | Book - Borrowing |
| Call number prefix | 305.89650624H761 |
| Withdrawn status | Item status | Source of classification or shelving scheme | Damaged status | Not for loan | Vendor | Home library | Current library | Shelving location | Date acquired | Source of acquisition | Cost, normal purchase price | Total Checkouts | Full call number | Barcode | Date last seen | Cost, replacement price | Koha item type |
|---|---|---|---|---|---|---|---|---|---|---|---|---|---|---|---|---|---|
| Dewey Decimal Classification | Central Library | Central Library | First floor | 05/08/2007 | 275.00 | 305.89650624 HOL | 000030053 | 15/07/2025 | 343.75 | Book - Borrowing |